000 00583nam a2200205Ia 4500
001 15626
003 GE_BSU
008 181216s||||||||xx |||||||||||||| ||und||
040 _cGE_BSU
080 _a821.161.1-32
100 _aგორკი, მ.
245 _aბავშვობა
245 _cმთარგმნ.: მერაბ ლორთქიფანიძე
260 _aთბილისი
260 _bსაბლიტგამი
260 _c1951
300 _a262გვ. : ილ. ; 21სმ
653 _aბავშვობა
942 _cBK
999 _c48726
_d48726